000 00597nas a2200217 454500
001 56142
005 20260407193512.0
008 260407s2019####ag###########|||spa#d
003 AR-UNSa-BCEJYS
040 _aAR-UNSa-BCEJYS
_bspa
_cAR-UNSa-BCEJYS
080 _a330
_xEconomía en general
245 1 0 _aAmerican Economic review
_pInsights
022 _a2640-205X
264 1 _aNashville :
_bAmerican Economic Association
_c2019
310 _aFrecuencia: Trimestral
041 _aspa
942 _cSER
590 _aniveau_biblio:s niveau_hierar:1
100 1 _aFinkelstein, Amy
650 _aECONOMIA
999 _c8977
_d8977